Docete: formación básica del predicador y del conferenciante
Guardat en:
| Autors principals: | , |
|---|---|
| Format: | Llibre |
| Idioma: | espanyol |
| Publicat: |
Barcelona
Herder
1952
|
| Col·lecció: | Biblioteca Herder. Sección de Teología y Filosofía, 1, 2, 3
|
| Matèries: | |
| Etiquetes: |
Afegir etiqueta
Sense etiquetes, Sigues el primer a etiquetar aquest registre!
|
MARC
| LEADER | 00000nam a2200000 a 4500 | ||
|---|---|---|---|
| 001 | UCM9903 | ||
| 003 | CL-VaPUC | ||
| 008 | 030530e19520000SP |||||||||||||||||spa|d | ||
| 082 | 0 | 4 | |a 253.7 |b KOC |2 21 |
| 100 | |a Koch, P. Anton |e author |9 525406 | ||
| 700 | 0 | |a Sancho, Antonio |e author |9 476537 | |
| 245 | 1 | 0 | |a Docete: formación básica del predicador y del conferenciante |
| 300 | |a v | ||
| 942 | |c BK | ||
| 945 | |d 20030530 00:00:00 |a rbrito | ||
| 260 | |a Barcelona |b Herder |c 1952 | ||
| 500 | |a v.1: Dios | ||
| 500 | |a v.2: El hombre Dios | ||
| 500 | |a v.3: La iglesia | ||
| 500 | |a v.4: La gracia | ||
| 650 | 0 | |a Evangelistas |9 315131 | |
| 650 | 0 | |a Educación religiosa |9 308312 | |
| 650 | 0 | |a Predicación |9 398079 | |
| 650 | 7 | |a DOGMA |2 CL-VaPUC |9 330447 | |
| 650 | 0 | |a Ética religiosa |9 311520 | |
| 650 | 7 | |a LITURGIA |2 CL-VaPUC |9 476538 | |
| 650 | 7 | |a RELIGIOSOS |2 CL-VaPUC |9 352012 | |
| 583 | |a last modification |c 20030530 00:00:00 |k Rodrigo Vera | ||
| 490 | 0 | |a Biblioteca Herder. Sección de Teología y Filosofía, 1, 2, 3 | |
| 999 | |c 303983 |d 303981 | ||
| 952 | |0 0 |1 0 |4 0 |6 253_700000000000000_KOC_1952 |7 0 |8 A |9 365676 |a BIBTEO |b BIBTEO |d 2019-11-21 |h v.1 |i 3909425 |o 253.7 KOC 1952 |p 3909425 |r 2025-01-17 |w 2019-11-21 |y BK |k ICR | ||
| 952 | |0 0 |1 0 |4 0 |6 253_700000000000000_KOC_1952 |7 0 |8 A |9 365677 |a BIBTEO |b BIBTEO |d 2019-11-21 |h v.2 |i 3909433 |o 253.7 KOC 1952 |p 3909433 |r 2025-01-17 |w 2019-11-21 |y BK |k ICR | ||
| 952 | |0 0 |1 0 |4 0 |6 253_700000000000000_KOC_1952 |7 0 |8 A |9 365678 |a BIBTEO |b BIBTEO |d 2019-11-21 |h v.3 |i 3909441 |o 253.7 KOC 1952 |p 3909441 |r 2025-01-17 |w 2019-11-21 |y BK |k ICR | ||